Banner

Arrendamiento y restitución : (Record no. 1346)

MARC details
000 -LEADER
campo de control de longitud fija 01025nam a2200265 a 4500
001 - NÚMERO DE CONTROL
campo de control 1569951
003 - IDENTIFICADOR DE NÚMERO DE CONTROL
campo de control CoMeUDC
005 - FECHA Y HORA DE LA ÚLTIMA TRANSACCIÓN
campo de control 20210603090537.0
008 - DATOS DE LONGITUD FIJA--INFORMACIÓN GENERAL
campo de control de longitud fija 171220s2017 ck grl 00010 spa d
020 ## - NÚMERO INTERNACIONAL ESTÁNDAR DEL LIBRO
Número Internacional Estándar del Libro 9789586766869
040 ## - FUENTE DE CATALOGACIÓN
Centro/agencia transcriptor CO-UdeCO
082 04 - NÚMERO DE LA CLASIFICACIÓN DECIMAL DEWEY
Número de clasificación 346.04
Número de ítem J17
100 ## - ENTRADA PRINCIPAL--NOMBRE DE PERSONA
Nombre de persona Jaramillo Castañeda, Armando
9 (RLIN) 1638
245 10 - MENCIÓN DEL TÍTULO
Título Arrendamiento y restitución :
Resto del título Código General del Proceso /
Mención de responsabilidad, etc. Armando Jaramillo Castañeda.
250 ## - MENCION DE EDICION
Mención de edición Tercera edición
260 ## - PUBLICACIÓN, DISTRIBUCIÓN, ETC.
Lugar de publicación, distribución, etc. Bogotá :
Nombre del editor, distribuidor, etc. Ediciones Doctrina y Ley,
Fecha de publicación, distribución, etc. 2017.
300 ## - DESCRIPCIÓN FÍSICA
Extensión 480 p. ;
Dimensiones 23 cm.
500 ## - NOTA GENERAL
Nota general Vivienda urbana, comercial y regulación de la renta, Jurisprudencia de la Corte Suprema de Justicia, Constitucional y Tribunal Superior de Bogotá, Ley 820 de 2003.
504 ## - NOTA DE BIBLIOGRAFÍA, ETC.
Nota de bibliografía, etc. Nota Incluye bibliografía e índice de jurisprudencia
650 #0 - PUNTO DE ACCESO ADICIONAL DE MATERIA--TÉRMINO DE MATERIA
Término de materia o nombre geográfico como elemento de entrada Legislación sobre arrendamiento
9 (RLIN) 1639
650 #4 - PUNTO DE ACCESO ADICIONAL DE MATERIA--TÉRMINO DE MATERIA
Término de materia o nombre geográfico como elemento de entrada Contratos de arrendamiento
Subdivisión general Legislación
Subdivisión geográfica Colombia.
650 ## - PUNTO DE ACCESO ADICIONAL DE MATERIA--TÉRMINO DE MATERIA
Término de materia o nombre geográfico como elemento de entrada Arrendador y arrendatario
Subdivisión geográfica Colombia.
942 ## - ELEMENTOS DE ENTRADA SECUNDARIOS (KOHA)
Fuente del sistema de clasificación o colocación Clasificación Decimal Dewey
Tipo de ítem Koha Libros
949 ## - PROCESAMIENTO DE INFORMACIÓN LOCAL (OCLC)
a
Holdings
Estatus retirado Estado de pérdida Fuente del sistema de clasificación o colocación Estado de daño No para préstamo Colección Biblioteca de origen Biblioteca actual Fecha de adquisición Fuente de adquisición Coste, precio normal de compra Total de préstamos Total de renovaciones Signatura topográfica completa Código de barras Visto por última vez Fecha del último préstamo Copia número Precio de reemplazo Tipo de ítem Koha
    Clasificación Decimal Dewey     Colección general U DE COLOMBIA - Biblioteca U DE COLOMBIA - Biblioteca 03/06/2021 Donación 20000.00 2 2 346.04 J17 100097 26/03/2025 04/03/2025 1 03/06/2021 Libros


Biblioteca Académica Corporación Universitaria U DE COLOMBIA | Teléfono: +(57) (4) 2398080 ext. 1112 | E-mail: biblioteca@udecolombia.edu.co | Dirección: Calle 56 Nº 41 – 147 (Bolivia con Girardot)
Horario de atención: lunes a viernes 8:00 a.m. a 8:00 p.m. - sábados 8:00 a.m. a 4:00 p.m.
Implementado por Grupo EGS.

Powered by Koha